[Event "AUTO-INT-2311"]
[Site "http://www.queenalice.com/game.php?id=1055172"]
[Date "2012.5.2"]
[Round "1"]
[White "ONeal"]
[Black "macedao2012"]
[Result "1-0"]
[WhiteElo "1687"]
[BlackElo "1401"]

1. e4 c5 2. Bc4 Nf6 3. Nc3 d6 4. Nf3 g6 5. O-O Bg7 6. Ng5 e6 7. d3 h6 8. Nf3 O-O
9. Nb5 a6 10. Nc3 Qb6 11. a3 Rd8 12. e5 Nfd7 13. exd6 Qxd6 14. Ne4 Qe7 15. c3
Ne5 16. b3 Nxc4 17. bxc4 f5 18. Ng3 Bxc3 19. Ra2 e5 20. Rc2 Ba5 21. Bd2 Nc6 22.
Bxh6 Nd4 23. Bg5 Qd7 24. Nxd4 Re8 25. Nf3 e4 26. dxe4 fxe4 27. Nh4 Qxd1 28. Rxd1
Re5 29. Bc1 Bg4 30. Rd6 Re6 31. Rd5 Rd8 32. h3 Bf5 33. Nhxf5 Bb6 34. Ne3 Bc7 35.
Ne2 Rf6 36. Nf1 Rxd5 37. cxd5 Bd6 38. Rc4 Rf5 39. Nc3 Bf4 40. Bxf4 Rxf4 41. Nxe4
b6 42. g3 Rf3 43. Ng5 Rxa3 44. Rc1 Rd3 45. Ne3 a5 46. Rd1 Rd4 47. d6 Kf8 48.
Ne6+ Ke8 49. Nxd4 cxd4 50. Nc4 g5 51. Rxd4 b5 52. Nxa5 Kd7 53. Nb3 Kd8 54. Nc5
Kc8 55. d7+ Kd8 56. Nb7+ Kc7 57. d8=Q+ Kxb7 58. Rd6 b4 59. Qe7+ Kc8 60. Rd8# 1-0

[Event "AUTO-INT-2311"]
[Site "http://www.queenalice.com/game.php?id=1055177"]
[Date "2012.5.2"]
[Round "1"]
[White "shubhankar"]
[Black "ONeal"]
[Result "0-1"]
[WhiteElo "1192"]
[BlackElo "1692"]

1. e4 e5 2. Nf3 Bc5 3. d4 Bb6 4. d5 Nf6 5. h3 Nxe4 6. Be3 Bxe3 7. fxe3 Qf6 8.
Qd3 Nc5 9. Qd1 e4 10. Nfd2 Qh4+ 11. Ke2 O-O 12. Qe1 Qg5 13. Nc3 Re8 14. h4 Qxd5
15. Nxd5 Nca6 0-1

[Event "AUTO-INT-2311"]
[Site "http://www.queenalice.com/game.php?id=1055178"]
[Date "2012.5.2"]
[Round "1"]
[White "ONeal"]
[Black "shubhankar"]
[Result "1-0"]
[WhiteElo "1694"]
[BlackElo "1190"]

1. e4 e5 2. Bc4 Nf6 3. Nc3 Bc5 4. Nf3 Nc6 5. Nxe5 Nxe5 6. Bb3 a6 7. Nd5 Nxd5 8.
Bxd5 c6 9. Qh5 cxd5 10. Qxe5+ Qe7 11. Qxd5 O-O 12. O-O d6 13. Re1 Be6 14. Qh5
Rad8 15. c3 1-0

[Event ":(("]
[Site "http://www.queenalice.com/game.php?id=1065073"]
[Date "2012.5.28"]
[Round "-"]
[White "Mr_SPOCK"]
[Black "ONeal"]
[Result "0-1"]
[WhiteElo "1527"]
[BlackElo "1730"]

1. e4 e5 2. Nf3 Nc6 3. Nc3 Bb4 4. Bc4 Bxc3 5. dxc3 h6 6. b4 a6 7. b5 axb5 8. Bd5
Nf6 9. Ba3 Rxa3 10. Nh4 Rxc3 11. Nf5 O-O 12. Qd2 Rc5 13. Nxh6+ gxh6 14. Bxf7+
Rxf7 15. Qxh6 d5 16. O-O-O Ng4 17. Qg6+ Kf8 18. Rd3 Nxf2 19. Rg3 Nxh1 20. Qg8+
Ke7 21. Qxd8+ Nxd8 22. Rg8 Nf2 23. h4 Nxe4 24. g4 Rc4 25. g5 Rb4 26. Kd1 Rf2 27.
Rg7+ Nf7 28. Rxf7+ Kxf7 29. g6+ Kf6 30. g7 Rb1# 0-1

[Event "Myke Tyson Free!!!"]
[Site "http://www.queenalice.com/game.php?id=1065074"]
[Date "2012.5.28"]
[Round "-"]
[White "ONeal"]
[Black "Mr_SPOCK"]
[Result "1-0"]
[WhiteElo "1696"]
[BlackElo "1572"]

1. e4 e5 2. Nf3 Nc6 3. Bc4 Nf6 4. a3 d6 5. Nc3 Bg4 6. O-O Nd4 7. Be2 Bxf3 8.
Bxf3 c6 9. Ne2 Nxf3+ 10. gxf3 Nh5 11. Ng3 Qg5 12. d4 Nf4 13. dxe5 dxe5 14. Kh1
Be7 15. c3 Qh4 16. Nf5 Qf6 17. Bxf4 exf4 18. Qd2 O-O 19. Rg1 1-0

[Event "Mike Tyson!"]
[Site "http://www.queenalice.com/game.php?id=1066099"]
[Date "2012.5.30"]
[Round "-"]
[White "ONeal"]
[Black "zeoliveira100870"]
[Result "1-0"]
[WhiteElo "1707"]
[BlackElo "1490"]

1. e4 e5 2. Nf3 d6 3. Nc3 Nf6 4. Bc4 Nc6 5. Bb5 Bd7 6. Bc4 Na5 7. Bd5 Nxd5 8.
Nxd5 Be6 9. d4 c6 10. Nc3 f6 11. d5 h6 12. dxe6 Qe7 13. Nd2 Qxe6 14. Qe2 h5 15.
b4 d5 16. exd5 cxd5 17. bxa5 d4 18. Nb5 Qc6 19. Rb1 a6 20. Na3 Qxg2 21. Rf1 1-0

[Event "Challenge"]
[Site "http://www.queenalice.com/game.php?id=1088005"]
[Date "2012.7.28"]
[Round "-"]
[White "plot24"]
[Black "ONeal"]
[Result "1-0"]
[WhiteElo "1760"]
[BlackElo "1747"]

1. d4 e6 2. c4 d5 3. e3 dxc4 4. Bxc4 Bb4+ 5. Bd2 Bxd2+ 6. Qxd2 Nf6 7. Nc3 Nc6 8.
Nf3 O-O 9. O-O a6 10. Rad1 b5 11. Bd3 Bb7 12. e4 Nxd4 13. Nxd4 Qxd4 14. Ne2 Qe5
15. f4 Qh5 16. Ng3 Qg4 17. Qc2 Rac8 18. e5 Nh5 19. Nxh5 Qxh5 20. Be4 Bxe4 21.
Qxe4 Rcd8 22. Rd3 Qh4 23. Rh3 Qg4 24. Qxh7# 1-0

[Event "Challenge"]
[Site "http://www.queenalice.com/game.php?id=1088574"]
[Date "2012.7.29"]
[Round "-"]
[White "ONeal"]
[Black "plot24"]
[Result "1-0"]
[WhiteElo "1710"]
[BlackElo "1280"]

1. e4 e5 2. f4 exf4 3. Nf3 d6 4. d4 g5 5. h4 g4 6. Ng1 Qf6 7. Nc3 Ne7 8. h5 Bh6
9. Bb5+ Bd7 10. a3 Nbc6 11. Nge2 O-O-O 12. O-O f3 13. Bxc6 bxc6 14. Bxh6 Qxh6
15. gxf3 gxf3 16. Ng3 Bg4 17. Qd3 Kb8 18. Nd1 Rhg8 19. Qb3+ Ka8 20. Qxf7 Bxh5
21. Qxe7 Rxg3+ 22. Kh2 Bf7+ 23. Kxg3 Rg8+ 24. Qg5 Rxg5+ 25. Kf2 Bc4 26. Nc3 Qh2+
27. Ke3 Bxf1 28. Rxf1 Qxc2 29. Rxf3 Qxb2 30. Rf8+ Kb7 31. Nd1 Rg3+ 32. Kf4 Qxa3
33. Kf5 Qf3+ 34. Ke6 1-0

[Event "Challenge"]
[Site "http://www.queenalice.com/game.php?id=1091406"]
[Date "2012.8.8"]
[Round "-"]
[White "ONeal"]
[Black "Mr_SPOCK"]
[Result "1-0"]
[WhiteElo "1734"]
[BlackElo "1641"]

1. e4 e5 2. Nf3 Nc6 3. a3 Nf6 4. Nc3 Bc5 5. Bc4 d6 6. b4 Bb6 7. d3 Bg4 8. Bg5
Bd4 9. Qd2 a5 10. b5 Nb4 11. axb4 axb4 12. Rxa8 Qxa8 13. O-O O-O 14. Bxf6 gxf6
15. Nd5 Rc8 16. Ne7+ Kg7 17. Nxc8 Bxc8 18. Nh4 Bc3 19. Qe2 Kf8 20. Qh5 Be6 21.
Qxh7 Qa2 22. Bxa2 Bxa2 23. Nf5 Ke8 24. Qg8+ Kd7 25. Qf8 c6 26. b6 c5 27. Qxd6+
Ke8 28. Qe7# 1-0

[Event "AUTO-INT-2311"]
[Site "http://www.queenalice.com/game.php?id=1093635"]
[Date "2012.8.16"]
[Round "2"]
[White "diego2907"]
[Black "ONeal"]
[Result "0-1"]
[WhiteElo "1792"]
[BlackElo "1746"]

1. e4 e5 2. Bc4 Nf6 3. Nf3 Bc5 4. d3 Ng4 5. O-O Nc6 6. h3 Nf6 7. Bg5 Bd4 8. Nxd4
exd4 9. a3 h6 10. Bh4 d6 11. Nd2 Ne5 12. Bb3 g5 13. Bg3 Be6 14. Bxe6 fxe6 15.
Bxe5 dxe5 16. Nc4 Qe7 17. Nxe5 Qd6 18. Nf3 Nh5 19. e5 Qf8 20. Nxd4 Nf4 21. c4 c5
22. Nb5 O-O-O 23. Nd6+ Kb8 24. Qb3 Rd7 25. Rad1 h5 26. Ne4 g4 27. h4 Qe7 28. g3
Ne2+ 29. Kh1 Rhd8 30. a4 Nd4 31. Qc3 Nf3 32. Nd6 Nd4 33. b4 Nf5 34. bxc5 Rf8 35.
Rb1 Nxd6 36. cxd6 Qf7 37. c5 Qf3+ 38. Kh2 Qe2 39. c6 Rdf7 40. c7+ Kc8 41. Rxb7
Rxf2+ 42. Rxf2 Rxf2+ 43. Kh1 Qf1# 0-1

[Event "AUTO-INT-2311"]
[Site "http://www.queenalice.com/game.php?id=1093636"]
[Date "2012.8.16"]
[Round "2"]
[White "ONeal"]
[Black "diego2907"]
[Result "1-0"]
[WhiteElo "1712"]
[BlackElo "1852"]

1. e4 e5 2. Nf3 d5 3. Nxe5 Qe7 4. d4 f6 5. Nf3 Qxe4+ 6. Be2 Nc6 7. O-O Be6 8.
Re1 Qg6 9. Nc3 Bb4 10. Bd3 Qf7 11. Bf5 Nd8 12. Bxe6 Nxe6 13. a3 Bxc3 14. bxc3
Ne7 15. Rb1 O-O 16. Rxb7 c6 17. a4 Rfe8 18. Nh4 a5 19. Qg4 f5 20. Nxf5 Qf6 21.
Rxe6 Qxf5 22. Qe2 Ng6 23. Rxe8+ Rxe8 24. Qxe8+ Nf8 25. Ba3 h6 26. Bxf8 Qxc2 27.
Qf7+ Kh8 28. Qxg7# 1-0

[Event "Challenge"]
[Site "http://www.queenalice.com/game.php?id=1103350"]
[Date "2012.9.15"]
[Round "-"]
[White "ONeal"]
[Black "Emmanuel_BR"]
[Result "0-1"]
[WhiteElo "1764"]
[BlackElo "1955"]

1. e4 d5 2. e5 c5 3. d4 cxd4 4. Qxd4 Nc6 5. Qf4 g6 6. Nf3 Bg7 7. Ng5 Nxe5 8. Be3
Qd6 9. Bd4 Nd3+ 10. cxd3 Qxf4 11. Bxg7 Qc1+ 12. Ke2 Qxg5 13. Bxh8 f6 14. Nc3 Bd7
15. Kd1 Nh6 16. Be2 Kf7 17. Bxf6 Qxf6 18. Bf3 Bg4 19. h3 Bxf3+ 20. gxf3 Qxf3+
21. Kd2 Qxf2+ 22. Ne2 Nf5 23. Rhf1 Qe3+ 24. Ke1 Rc8 25. Rd1 Rc2 26. Rf2 e5 27.
Kf1 Ke6 28. d4 Ng3+ 29. Kg2 Nxe2 30. Re1 Qg3+ 31. Kf1 Qg1# 0-1

[Event "Challenge"]
[Site "http://www.queenalice.com/game.php?id=1107865"]
[Date "2012.9.30"]
[Round "-"]
[White "ONeal"]
[Black "Mr_SPOCK"]
[Result "1-0"]
[WhiteElo "1781"]
[BlackElo "1636"]

1. e4 e5 2. Nf3 Nc6 3. Nc3 Nf6 4. Bc4 Bc5 5. Nd5 Nxe4 6. O-O Nd6 7. Bb3 e4 8.
Re1 O-O 9. Nd4 Bxd4 10. c3 Bc5 11. d4 exd3 12. Qxd3 Qh4 13. Be3 Ne5 14. Qe2 Ne4
15. Bxc5 Ng4 16. Qxe4 Qxh2+ 17. Kf1 Qh1+ 18. Ke2 Qh5 19. Qe7 d6 20. Kd2 Be6 21.
Nf4 Qh6 22. Be3 Rae8 23. Qxc7 Nxe3 24. fxe3 d5 25. Bxd5 Rd8 26. e4 Rd7 27. Qe5
Rfd8 28. c4 b5 29. Kc2 bxc4 30. Rad1 Rc8 31. Nxe6 Re7 32. Bxc4 Rxc4+ 33. Kb1 f6
34. Qd5 Kf7 35. Nd4+ Kg6 36. Nf5 Qh2 37. Nxe7+ Kh6 38. Rh1 Qxh1 39. Rxh1# 1-0

[Event "AUTO-INT-2311"]
[Site "http://www.queenalice.com/game.php?id=1114840"]
[Date "2012.10.22"]
[Round "3"]
[White "Fabiojr"]
[Black "ONeal"]
[Result "0-1"]
[WhiteElo "1771"]
[BlackElo "1791"]

1. e4 e5 2. Nf3 Nc6 3. Bb5 Nf6 4. O-O Nxe4 5. Re1 Nd6 6. Bxc6 dxc6 7. Nxe5 Be7
8. Qf3 O-O 9. d4 Be6 10. Nc3 Nf5 11. Be3 Bb4 12. a3 Bxc3 13. bxc3 Nh4 14. Qg3
Bd5 15. Bh6 Nf5 16. Qg5 Nxh6 17. Qxd8 Raxd8 18. c4 Be6 19. f3 Rxd4 20. c3 Rdd8
21. Rab1 f6 22. Nxc6 bxc6 23. Rxe6 Rd6 24. Re7 Nf5 25. Rxc7 Re8 26. Rxa7 Ne7 27.
c5 Rd2 28. Rc1 Ng6 29. Rb7 Ne5 30. Rbb1 Nd3 31. Rf1 Nf4 32. Ra1 Rxg2+ 33. Kh1
Re5 34. a4 Rh5 0-1

[Event "AUTO-INT-2311"]
[Site "http://www.queenalice.com/game.php?id=1114841"]
[Date "2012.10.22"]
[Round "3"]
[White "ONeal"]
[Black "Fabiojr"]
[Result "1-0"]
[WhiteElo "1764"]
[BlackElo "1781"]

1. e4 e5 2. Nf3 Nc6 3. Bc4 Bc5 4. Nc3 Na5 5. Nxe5 Nxc4 6. Nxc4 Qf6 7. O-O Ne7 8.
e5 Qg6 9. d4 Bb4 10. Nb5 Nd5 11. c3 Be7 12. Ne3 O-O 13. Nxd5 Bd8 14. Nbxc7 d6
15. Nxa8 Bh3 16. Nf4 1-0

[Event "Challenge"]
[Site "http://www.queenalice.com/game.php?id=1131587"]
[Date "2012.12.16"]
[Round "-"]
[White "ONeal"]
[Black "duberry"]
[Result "0-1"]
[WhiteElo "1789"]
[BlackElo "1923"]

1. e4 d6 2. Bc4 Nf6 3. Nf3 e6 4. Nc3 Nxe4 5. Nxe4 d5 6. d3 dxc4 7. Ne5 Nd7 8.
Nxc4 Be7 9. Qg4 Nf8 10. Qxg7 Ng6 11. Ne5 Rf8 12. Nxg6 hxg6 13. O-O f5 14. Qxg6+
Kd7 15. b4 b5 16. Ng5 Bxg5 17. Bxg5 Qe8 18. Qg7+ Kc6 19. Qe5 Rg8 20. Bf4 Qf7 21.
c4 Kd7 22. Qxb5+ c6 0-1

[Event "Challenge"]
[Site "http://www.queenalice.com/game.php?id=1131588"]
[Date "2012.12.16"]
[Round "-"]
[White "ONeal"]
[Black "ValterPinto"]
[Result "0-1"]
[WhiteElo "1806"]
[BlackElo "1749"]

1. e4 e5 2. Nf3 Nc6 3. Bc4 Be7 4. Nc3 Nf6 5. d3 O-O 6. Bg5 h6 7. Bh4 Re8 8. a3
d6 9. h3 Nh5 10. Nxe5 Nxe5 11. Bxe7 Qxe7 12. Qxh5 Nxc4 13. Nd5 Qd8 14. dxc4 c6
15. Nc3 Re5 16. Qf3 Be6 17. b3 d5 18. Qf4 Qd6 19. O-O Bxh3 20. exd5 Rae8 21.
gxh3 Rg5+ 22. Qxg5 hxg5 23. Rae1 Rxe1 24. Rxe1 Qxa3 25. dxc6 bxc6 26. Ne4 Qb4
27. Ra1 a5 28. Re1 Qxe1+ 0-1

[Event "Challenge"]
[Site "http://www.queenalice.com/game.php?id=1132152"]
[Date "2012.12.18"]
[Round "-"]
[White "ONeal"]
[Black "lolo"]
[Result "0-1"]
[WhiteElo "1791"]
[BlackElo "1807"]

1. e4 e5 2. Bc4 Nc6 3. Qf3 Nf6 4. d3 b5 5. Bb3 a5 6. Bg5 a4 7. Bd5 Ra6 8. c3 Ne7
9. Bxf6 Rxf6 10. Qh5 c6 11. Bxf7+ Rxf7 12. Nf3 Ng6 13. Nxe5 Nxe5 14. Qxe5+ Be7
15. b3 d6 16. Qh5 O-O 17. O-O Qb6 18. d4 b4 19. e5 Ba6 20. Re1 Rxf2 21. Qg4 Rf1+
22. Rxf1 Rxf1# 0-1

[Event "Challenge"]
[Site "http://www.queenalice.com/game.php?id=1138225"]
[Date "2013.1.7"]
[Round "-"]
[White "ONeal"]
[Black "CNJEDUARDO"]
[Result "0-1"]
[WhiteElo "1806"]
[BlackElo "1779"]

1. e4 e5 2. Bc4 Nc6 3. Qf3 Nf6 4. d3 Nd4 5. Qd1 c6 6. c3 Ne6 7. Nf3 d6 8. O-O
Be7 9. Bg5 a5 10. d4 Nxg5 11. Nxg5 O-O 12. dxe5 dxe5 13. Nd2 b5 14. Be2 Qb6 15.
b3 Bb7 0-1

[Event "Challenge"]
[Site "http://www.queenalice.com/game.php?id=1138278"]
[Date "2013.1.8"]
[Round "-"]
[White "ONeal"]
[Black "HakunaMatata"]
[Result "0-1"]
[WhiteElo "1789"]
[BlackElo "2098"]

1. e4 e6 2. d4 d5 3. e5 c5 4. c3 Nc6 5. Nf3 Nh6 6. Bg5 Qb6 7. b3 cxd4 8. cxd4
Nf5 9. Be3 Bb4+ 10. Bd2 Nfxd4 11. a3 Nxf3+ 12. Qxf3 Bxd2+ 13. Nxd2 Nxe5 14. Qg3
Ng6 15. a4 Qd4 16. Rc1 Qe5+ 17. Be2 Nf4 18. Qf3 Qxe2+ 19. Qxe2 Nxe2 20. Kxe2 Kd7
21. Rc5 b6 22. Rc2 Ba6+ 23. Kd1 Rac8 24. b4 Bd3 25. Rc1 Rxc1+ 26. Kxc1 Rc8+ 27.
Kd1 Kd6 28. Re1 Bc2+ 29. Ke2 Bxa4 30. Nf3 h6 31. Ra1 Bb5+ 32. Ke1 a6 33. Nd4 Bc4
34. f4 Ra8 35. Kd2 a5 36. f5 e5 0-1